000 00748nam a22001577a 4500
003 OSt
005 20151111150644.0
008 151111b xxu||||| |||| 00| 0 eng d
040 _cRUA
082 _aRUA PRU 2006 B132 Or.1
100 _93561
_aPRUMSOEUN, WATANAK.
245 _aAssessment of radio tracking siamese crocodile in chomnob commune, thmabaing district, koh kong province, ការវាយតំលៃលើការបំពាក់ឧបករណ៏វិទ្យុចាប់សំឡេងលើសត្វក្រពើភ្នំ នៅឃុំជំនាប់ ស្រុកថ្មបាំង ខេត្តកោះកុង
260 _aPhnom Penh
_bRUA
_c2006
300 _a44p.
_bill.
_c29cm.
942 _2ddc
_cFOR
999 _c3316
_d3316